000
00308nam a2200133 a 4500
001
4184
003
CDMR
005
20130116135253.0
008
130130s1996||||||||||||||||||||||||||||d
040
_a
CDMR
_b
cat
_c
CDMR
245
0
_a
CatĂ leg de revistes en catalĂ
260
_a
Barcelona
_c
1996
_b
APPEC
942
_c
MON
999
_c
4184
_d
4184